Applications & design with analog integrated circuits / (Record no. 182137)
[ view plain ]
| 000 -LEADER | |
|---|---|
| fixed length control field | 01002 a2200229 4500 |
| 003 - CONTROL NUMBER IDENTIFIER | |
| control field | Nust |
| 005 - DATE AND TIME OF LATEST TRANSACTION | |
| control field | 20221129161523.0 |
| 010 ## - LIBRARY OF CONGRESS CONTROL NUMBER | |
| LC control number | 81015367 |
| 020 ## - INTERNATIONAL STANDARD BOOK NUMBER | |
| International Standard Book Number | 0835902455 : |
| 040 ## - CATALOGING SOURCE | |
| Transcribing agency | Nust |
| 082 00 - DEWEY DECIMAL CLASSIFICATION NUMBER | |
| Classification number | 621.3815,JAC |
| 100 1# - MAIN ENTRY--PERSONAL NAME | |
| Personal name | Jacob, J. Michael. |
| 9 (RLIN) | 60455 |
| 245 10 - TITLE STATEMENT | |
| Title | Applications & design with analog integrated circuits / |
| Statement of responsibility, etc. | J. Michael Jacob. |
| 250 ## - EDITION STATEMENT | |
| Edition statement | 2nd ed. / |
| 260 ## - PUBLICATION, DISTRIBUTION, ETC. | |
| Place of publication, distribution, etc. | New Delhi |
| Name of publisher, distributor, etc. | Prentice-hall |
| Date of publication, distribution, etc. | 1996. |
| 300 ## - PHYSICAL DESCRIPTION | |
| Extent | xii, 575p. : |
| Other physical details | ill. ; |
| Dimensions | 24 cm. |
| 505 ## - FORMATTED CONTENTS NOTE | |
| Formatted contents note | Introduction To The Operational Amplifier Integrated Circuit (Page-1), Amplifiers And Feedback (Page-25), Power Supplies And Integrated Circuit Regulators (Page-92), Operational Amplifier Characteristics (Page-170), Single Supply Amplifiers (Page-226), Waveform Generators (Page-269), Active Filters (Page-359), Nonlinear Circuits (Page-488). |
| 650 #0 - SUBJECT ADDED ENTRY--TOPICAL TERM | |
| Topical term or geographic name entry element | Integrated circuits. |
| 650 #0 - SUBJECT ADDED ENTRY--TOPICAL TERM | |
| Topical term or geographic name entry element | Operational amplifiers. |
| 9 (RLIN) | 56206 |
| 740 0# - ADDED ENTRY--UNCONTROLLED RELATED/ANALYTICAL TITLE | |
| Uncontrolled related/analytical title | Applications and design with analog integrated circuits. |
| 942 ## - ADDED ENTRY ELEMENTS (KOHA) | |
| Source of classification or shelving scheme | |
| Koha item type | Book |
| Withdrawn status | Lost status | Source of classification or shelving scheme | Damaged status | Not for loan | Permanent Location | Current Location | Shelving location | Date acquired | Full call number | Barcode | Date last seen | Price effective from | Koha item type | Public note |
|---|---|---|---|---|---|---|---|---|---|---|---|---|---|---|
| Military College of Signals (MCS) | Military College of Signals (MCS) | General Stacks | 12/12/2016 | 621.3815,JAC | MCS30265 | 12/08/2016 | 12/12/2016 | Book | Almirah No.33, Shelf No.1 |
